|
|
|
|
| LEADER |
00000nam a2200000Ii 4500 |
| 001 |
DIGAKAL0722 |
| 003 |
NyNyDIG |
| 006 |
m o d |
| 007 |
cr ||||||||||| |
| 008 |
220805s2021 mx a ob 000 0 spa d |
| 035 |
|
|
|a (OCoLC)1330439481
|
| 040 |
|
|
|a DGITA
|b eng
|e rda
|e pn
|c DGITA
|
| 020 |
|
|
|a 9786078683789
|q ePub
|
| 020 |
|
|
|z 9786078683611
|q Akal
|
| 020 |
|
|
|z 9786073047036
|q UNAM
|
| 043 |
|
|
|a n-mx---
|
| 050 |
1 |
4 |
|a HM1116 ebook
|
| 245 |
0 |
3 |
|a La brutalidad utilitaria :
|b ensayos sobre economía política de la violencia /
|c Daniel Inclán, coordinador.
|
| 246 |
3 |
0 |
|a Ensayos sobre economía política de la violencia
|
| 250 |
|
|
|a Primera edición.
|
| 264 |
|
1 |
|a Ciudad de México :
|b Universidad Nacional Autónoma de México, Instituto de Investigaciones Económicas :
|b Akal,
|c [2021]
|
| 300 |
|
|
|a 1 online resource :
|b illustrations.
|
| 336 |
|
|
|a text
|b txt
|2 rdacontent
|
| 337 |
|
|
|a computer
|b c
|2 rdamedia
|
| 338 |
|
|
|a online resource
|b cr
|2 rdacarrier
|
| 347 |
|
|
|a text file
|2 rdaft
|
| 347 |
|
|
|b EPUB
|
| 490 |
1 |
|
|a Colección Akadémica. Política/economía/sociología
|
| 504 |
|
|
|a Includes bibliographical references.
|
| 588 |
0 |
|
|a Online resource; title from ePub title page (Digitalia, viewed August 5, 2022)
|
| 650 |
|
0 |
|a Violence
|x Economic aspects.
|
| 650 |
|
0 |
|a Violence
|x Economic aspects
|z Mexico.
|
| 650 |
|
0 |
|a Violence
|z Mexico.
|
| 655 |
|
0 |
|a Electronic books.
|
| 700 |
1 |
|
|a Inclán, Daniel,
|e editor.
|
| 791 |
2 |
|
|a Digitalia (Firm),
|e distributor.
|
| 793 |
0 |
|
|g Digitalia eBook Collection:
|a Akal
|
| 776 |
0 |
8 |
|i Print version:
|t Brutalidad utilitaria.
|d Ciudad de México : Universidad Nacional Autónoma de México, Instituto de Investigaciones Económicas : Akal, [2021]
|z 9786078683611
|
| 830 |
|
0 |
|a Colección Akadémica.
|
| 856 |
4 |
0 |
|3 Digitalia Hispánica
|u https://www.digitaliapublishing.com/a/112058/
|
| 910 |
|
|
|a Premium collection: 2022
|